西武鉄道のご当地メロディー - Statistics

General Stats
  • This quiz has been taken 6 times
  • The average score is 10 of 18
Answer Stats
Hint Answer % Correct
となりのトトロ
83%
旅立ちの日に
83%
さんぽ
83%
国分寺線系統 東村山音頭
83%
銀河鉄道999
83%
池袋線系統 おれは怪物くんだ
67%
茶摘み
67%
翔べ!ガンダム
67%
七夕さま
67%
きれいな川
50%
吠えろライオンズ
50%
若き獅子たち
50%
愛の季節
50%
DESIRE-情熱-
50%
地平を駈ける獅子を見た
33%
新宿線系統 マルコメCMソング
33%
楽しい場所
17%
セカンド・ラブ
17%
No matching quizzes found
Score Distribution
Percent of People with Each Score
Percentile by Number Answered
Your Score History
You have not taken this quiz